| 000 | 00893nam a2200217Ii 4500 | ||
|---|---|---|---|
| 003 | JO-AjNU | ||
| 008 | 230605s9999||||xx |||||||||||||| ||und|| | ||
| 017 | _a2013/05/1531 | ||
| 020 | _a978-1-56564-606-3 | ||
| 040 |
_aJO-AjNU _bara _erda _cJO-AjNU |
||
| 041 | _aara | ||
| 050 | 1 | 4 | _aZ7164.F5.H375 2013 |
| 100 | 3 |
_aاعداد حطاب، كمال توفيق , _eauthor _945544 |
|
| 245 | 0 | 0 | _aدليل الباحثين الى الاقتصاد الاسلامي والمصارف الاسلامية في الاردن :دراسة تحليلية ببلوغرافية(1974-2010) |
| 264 | 3 | 1 | _aالاردن :المعهد العالمي الفكر الاسلامي ،2013 |
| 300 | _a472ص | ||
| 336 |
_atext _btxt _2rdacontent |
||
| 337 |
_aunmediated _bn _2rdamedia |
||
| 338 |
_avolume _bnc _2rdacarrier |
||
| 650 | 4 |
_aالاقتصاد الاسلامي- الاردن -ببلوغرافيا _945545 |
|
| 999 |
_aA19751 _c23319 _d23319 |
||